| 000 | 00399 a2200145 4500 | ||
|---|---|---|---|
| 001 | 166919 | ||
| 020 | _a | ||
| 040 | _cMagnum | ||
| 100 | _aGoodman, Yetta M. (Org.) | ||
| 240 | 1 | 0 |
_aComo as criancas constroem a leitura e a escrita: perspectivas piaget. _lpor |
| 245 | 1 | 0 | _aComo as criancas constroem a leitura e a escrita: perspectivas piaget. |
| 362 | 0 | _a1899 | |
| 697 | _aGERAL | ||
| 942 | _cBK | ||
| 999 |
_c166919 _d166919 |
||